000 00703nam a2200181Ia 4500
008 100920s9999 xx 000 0 und d
082 _b107647
_a51 न 09
100 _aऔरंगाबादकर अनुराधा.
245 _aकमलाकर सारंग नाट्यप्रेमी.
260 _bप्रतिमा प्रकाशन, पुणे 30.
_c2009
300 _a183
_bसाधी
365 _b180
520 _aचरित्र.
630 _aकमलाकर सारंग नाट्यप्रेमी.
650 _aचरित्र.
730 _aकमलाकर सारंग नाट्यप्रेमी.
942 _cBOOK
999 _c748071
_d748068